000 01014cab a22002295a 4500
001 L152851
008 110506e20110421xxk 000 0 eng d
035 _a(Sirsi) u152851
041 0 _aeng
100 1 _aMatthews, David
245 0 0 _aBalfour Beatty wins first place
_bbusiness barometer, firm takes advantage of rivals' falling workloads despite only increasing wins by £25m
260 _c2011
490 _aBuilding
_v276(8675) 21 April 2011, 18-19(2)
520 _aOverview, tables of top contractors excluding and including civils for work won March 2011, yearly work won 1 March 2010-31 March 2011, and top architects, clients/promoters and quantity surveyors 1 March-31 March 2011, comments on inflation, prospects improving for office construction, and housebuilders' share prices tumbling.
590 _aKA
651 4 _aUnited Kingdom
_y
690 _aBUILT ENVIRONMENT-CONSTRUCTION MARKET
700 1 _aRawlinson, Simon
700 1 _aForrest, Kelly
700 1 _aHardy, Robin
942 _n0
999 _c83120
_d83120